000 00894nam a2200265Ia 4500
003 OSt
005 20221005112915.0
006 a|||||r|||| 00| 0
007 ta
008 221004b |||||||| |||| 00| 0 pan d
020 _a9788175993792 (hbk)
_cINR 300.00
024 _a65699
037 _b1178, 22/01/2020, H.K. Prakashan
_cTextual
040 _aCRL
_cCRL
_bpan
041 _2pan
_apan
082 _aO153,3NJIx, Q9
100 _aਜਿੰਦਰ
245 0 _aਕਹਾਣੀਆਂ ਦੇ ਅੰਗ ਸੰਗ
260 _aਦਿੱਲੀ
_bਨਵਯੁਗ ਪਬਲਿFਰਗ਼ ਭਾਰਤ
_c2019
300 _a155ਪ੍ਰ0
_ccm.
650 _a ਪੰਜਾਬੀ ਕਹਾਣੀ
650 _aਪੰਜਾਬੀ ਸਾਹਿਤ
942 _hO153,3NJIx, Q9
_cTEXL
_2cc
999 _c1026384
_d1026384